Common land (Record no. 120594)

MARC details
000 -LEADER
fixed length control field 01284cai a22002535a 4500
001 - CONTROL NUMBER
control field L137621
008 - FIXED-LENGTH DATA ELEMENTS--GENERAL INFORMATION
fixed length control field 070420u xxk g f001 0 eng d
035 ## - SYSTEM CONTROL NUMBER
System control number (Sirsi) u137621
041 0# - LANGUAGE CODE
Language code of text/sound track or separate title eng
050 ## - LIBRARY OF CONGRESS CALL NUMBER
Classification number 333.32 $2 18
110 1# - MAIN ENTRY--CORPORATE NAME
Corporate name or jurisdiction name as entry element United Kingdom
Subordinate unit Department for Environment, Food and Rural Affairs
245 00 - TITLE STATEMENT
Title Common land
520 ## - SUMMARY, ETC.
Summary, etc. Provides definitions, details of legislation, maps, statistics, processes of registration and register details. Gives information on town and village greens and exempted areas. Contains information on the management of common land. Links to details of case law are given as well as recent news.
590 ## - LOCAL NOTE (RLIN)
Local note KA
650 24 - SUBJECT ADDED ENTRY--TOPICAL TERM
Topical term or geographic name entry element COMMONS REGISTRATION (OBJECTION AND MAPS) (AMENDMENT) (ENGLAND) REGULATIONS 2007
650 24 - SUBJECT ADDED ENTRY--TOPICAL TERM
Topical term or geographic name entry element SMITH AND OTHERS V EAST SUSSEX CC
650 24 - SUBJECT ADDED ENTRY--TOPICAL TERM
Topical term or geographic name entry element COMMONS REGISTRATION (FINALITY OF DISPUTED REGISTRATIONS) REGULATIONS REGULATIONS 1970
650 24 - SUBJECT ADDED ENTRY--TOPICAL TERM
Topical term or geographic name entry element COMMONS REGISTRATION (OBJECTIONS AND MAPS) REGULATIONS 1968
650 24 - SUBJECT ADDED ENTRY--TOPICAL TERM
Topical term or geographic name entry element COMMONS ACT 2006
651 #4 - SUBJECT ADDED ENTRY--GEOGRAPHIC NAME
Geographic name England and Wales
Chronological subdivision 1543-
690 ## - LOCAL SUBJECT ADDED ENTRY--TOPICAL TERM (OCLC, RLIN)
Topical term or geographic name as entry element PROPERTY-RURAL AND NATURAL ASSETS-LAND
856 40 - ELECTRONIC LOCATION AND ACCESS
Uniform Resource Identifier <a href="https://www.defra.gov.uk/wildlife-countryside/issues/common/index.htm">https://www.defra.gov.uk/wildlife-countryside/issues/common/index.htm</a>
Public note View the website free of charge at www.defra.gov.uk/wildlife-countryside...
942 ## - ADDED ENTRY ELEMENTS (KOHA)
Suppress in OPAC 0
Holdings
Withdrawn status Lost status Source of classification or shelving scheme Damaged status Not for loan Home library Current library Shelving location Date acquired Total Checkouts Full call number Barcode Date last seen Copy number Price effective from Koha item type
    Dewey Decimal Classification     Virtual Virtual Online 20/04/2007   WEB-SITE 137621-1001 06/08/2019 1 06/08/2019 Online material